Statistiken für Ewige Tabelle Weltmeisterschaften

Klicken Sie hier um das Quiz zu spielen!

Allgemein

  • Dieses Quiz wurde 448 mal gespielt
  • Das Durchschnittsergebnis liegt bei 23 aus 30

Antwortstatistiken

HintPunkteAntwort% Korrekt
2225Deutschland
100%
3158Argentinien
99%
1247Brasilien
99%
4156Italien
98%
5131Frankreich
97%
7110Spanien
97%
6118England
94%
1357Portugal
92%
8104Niederlande
91%
1750Schweiz
90%
2335USA
90%
988Uruguay
89%
1170Schweden
88%
1073Belgien
87%
2927Japan
87%
1457Polen
84%
1266Mexiko
82%
2040Österreich
79%
2433Dänemark
77%
1947Kroatien
77%
2140Chile
75%
2730Kolumbien
73%
2631Südkorea
73%
1848Ungarn
72%
1651Sowjetunion
53%
1556Jugoslawien
45%
2531Paraguay
45%
2829Rumänien
43%
3023Costa Rica
34%
2238Tschechoslowakei
31%

Verteilung der Resultate

Perzentil nach korrekt beantworteten Fragen

Anzahl Personen mit jedem Resultat

Ihre Resultats-Entwicklung

Sie haben dieses Quiz noch nicht gespielt